È bella San Francisco?

محفوظ في:
التفاصيل البيبلوغرافية
المؤلف الرئيسي: Micheli, Claudio (Clam)
التنسيق: كتاب
اللغة:الإنجليزية
منشور في: Forlì Zoe Edizioni 2006
الوسوم: إضافة وسم
لا توجد وسوم, كن أول من يضع وسما على هذه التسجيلة!

MARC

LEADER 00000nam a2200000 4500
005 20250205152529.0
008 241120b |||||||| |||| 00| 0 eng d
020 |a 9788886865432 
040 |c GP 
100 |a Micheli, Claudio (Clam) 
245 |a È bella San Francisco? 
260 |a Forlì  |b Zoe Edizioni  |c 2006 
942 |2 ddc  |c BK  |n 0 
952 |0 0  |1 0  |2 ddc  |4 0  |6 853_920000000000000_VER  |7 1  |9 2190  |a RM  |b RM  |d 2024-11-20  |l 0  |o 853.92 VER  |p 642  |r 2024-11-20 17:16:57  |w 2024-11-20  |y BK 
999 |c 1931  |d 1931